00592 a2200133 4500082001800000100002100018245010700039260009500146650004800241700002500289942000700314999001900321952011800340 a631.4bNAJ/TR aNajiya Rinthas K aTransformation of Zinc in Soil and Zinc Nutrition in Lowland Rice Under Different Levels of Phosphorus aCollege of Agriculture,VellanikkarabDept.of Soil Science and Agricultural Chemistryc2021 aZinc in SoilaZinc Nutrition aLowland Rice aDr.Moossa P P(Guide) cTH c199807d199807 00102ddc4070aKAUCOAbKAUCOAd2022-01-18l0o631.4 NAJ/TRpKAU_COA-T-2138r2022-01-18 00:00:00w2022-01-18yTH